| 000 | 00345nam a2200121 a 4500 | ||
|---|---|---|---|
| 001 | 000038207 | ||
| 005 | 20201002031211.0 | ||
| 008 | 130321s2005 dr 000 0 spa d | ||
| 040 |
_aDO-SdBNP _bspa _cBNPHU |
||
| 245 | 1 | 0 | _aMemoria 2005 /. |
| 260 |
_aSanto Domingo : _bSuperintendencia de Pensiones Sipen, _c2005. |
||
| 300 |
_a51 p. : _bil., ; _c29 cm. |
||
| 999 |
_c37697 _d37697 |
||